Modern simulation and modeling /

Obra sobre modelamiento y simulación de sistemas de eventos discretos (discrete-event systems o DES). Se divide en dos partes, correspondientes a los métodos tradicionales y a los modernos de simulación.

Gespeichert in:
Bibliographische Detailangaben
1. Verfasser: Rubinstein, Reuven Y. (autor)
Weitere Verfasser: Melamed, Benjamin (autor) (autor)
Format: Buch
Sprache:Englisch
Veröffentlicht: Nueva York, EUA : Wiley, 1998, c1998
Schriftenreihe:(Wiley Series in Probability and Statistics. Applied Probability and Statistics Section)
Schlagworte:
Tags: Tag hinzufügen
Keine Tags, Fügen Sie das erste Tag hinzu!

MARC

LEADER 00000nam^a2200000^a^4500
001 000116602
005 20250521000000.0
009 20260310094135.902
020 |a 0-471-17077-1 
037 |a Acervo ITESO - Biblioteca 
041 |a ING 
082 |a 121. 93  |b RUB 
100 |a Rubinstein, Reuven Y.  |e (autor) 
245 1 0 |a Modern simulation and modeling /  |c R.Y. Rubinstein, B. Melamed. 
264 4 |a Nueva York, EUA :  |b Wiley,  |c 1998, c1998 
300 |a XVII, 352 p. 
336 |a texto  |b txt  |2 rdacontenido 
337 |a sin mediación  |b n  |2 rdamedio 
338 |a volumen  |b nc  |2 rdasoporte 
440 1 |a (Wiley Series in Probability and Statistics.  |p Applied Probability and Statistics Section) 
520 |a Obra sobre modelamiento y simulación de sistemas de eventos discretos (discrete-event systems o DES). Se divide en dos partes, correspondientes a los métodos tradicionales y a los modernos de simulación. 
649 |a XX 
650 |a Sistemas de Control Digital 
650 |a Sistemas Dinámicos 
650 |a Métodos de Simulación 
650 |a Modelos Matemáticos 
650 |a Ingeniería Computacional 
700 |a Melamed, Benjamin  |e (autor) 
910 |a Fondo General 
920 |a Impresos - Libros 
930 |a Colección General 
905 |a 101 
901 |a 0500052144  |b IT1  |c ACC  |u 20250521 
902 |a https://opac.biblio.iteso.mx/vufind/Record/000116602